Strukturální krize a proces adaptace ve vyspělých kapitalistických ekonomikách

Gespeichert in:
Bibliographische Detailangaben
1. Verfasser: Urban, Luděk
Format: Buch
Sprache:Tschechisch
Veröffentlicht: Praha Ústředí vědeckých, technických a ekonomických informací 1985
Tags: Tag hinzufügen
Keine Tags, Fügen Sie das erste Tag hinzu!

MARC

LEADER 00000nam a2200000 4500
001 c108942
005 20221207070839.2
041 0 |a cze 
044 |a CZ 
245 1 0 |a Strukturální krize a proces adaptace ve vyspělých kapitalistických ekonomikách  |c Luděk Urban 
264 1 |a Praha  |b Ústředí vědeckých, technických a ekonomických informací  |c 1985 
300 |a 66 s. 
100 1 |a Urban, Luděk